Valuing Planning Obligations in England (Record no. 108615)

MARC details
000 -LEADER
fixed length control field 02020cad a22003135a 4500
001 - CONTROL NUMBER
control field L144774
008 - FIXED-LENGTH DATA ELEMENTS--GENERAL INFORMATION
fixed length control field 110419s20080805xxkabd f s f000 0 eng d
020 ## - INTERNATIONAL STANDARD BOOK NUMBER
International Standard Book Number 9781409801504
035 ## - SYSTEM CONTROL NUMBER
System control number (Sirsi) u144774
041 0# - LANGUAGE CODE
Language code of text/sound track or separate title eng
050 04 - LIBRARY OF CONGRESS CALL NUMBER
Classification number 711.1 $2 18
100 1# - MAIN ENTRY--PERSONAL NAME
Personal name Crook, A. D. H.
245 00 - TITLE STATEMENT
Title Valuing Planning Obligations in England
Remainder of title update study for 2005-06
Medium [electronic resource]
260 ## - PUBLICATION, DISTRIBUTION, ETC.
Place of publication, distribution, etc. London
Name of publisher, distributor, etc. DCLG
Date of publication, distribution, etc. 2008
505 2# - FORMATTED CONTENTS NOTE
Formatted contents note Research contexts and methods -- Planning agreements -- Planning obligations -- The value of planning obligations -- Drivers of change: policy, practice and the market -- References: estimating the value of non housing planning obligations; planning authorities respond to survey; planning authorities responding to both surveys; survey questionnaire
520 ## - SUMMARY, ETC.
Summary, etc. Study was commissioned to update an earlier study that examined the number of planning obligation agreements entered into in England in 2003-04 and estimated their value. This study covers the years 2005-06 and uses the same methodology as the earlier study to allow comparison of figures and identification of the drivers of change. Although published by the Department for Communities and Local Government, this report is meant to be seen as indicative of the views of the authors (as opposed to government opinion).
520 ## - SUMMARY, ETC.
Summary, etc. Updates Valuing Planning Obligations in England: final report (L133721).
521 ## - TARGET AUDIENCE NOTE
Target audience note Advanced
590 ## - LOCAL NOTE (RLIN)
Local note KA NTK
651 #4 - SUBJECT ADDED ENTRY--GEOGRAPHIC NAME
Geographic name England and Wales
Chronological subdivision 1543-
690 ## - LOCAL SUBJECT ADDED ENTRY--TOPICAL TERM (OCLC, RLIN)
Topical term or geographic name as entry element ENVIRONMENTAL AND LAND CONSULTANCY-PLANNING AND DEVELOPMENT-DEVELOPMENT CONTROL
700 1# - ADDED ENTRY--PERSONAL NAME
Personal name Henneberry, J. M.
700 1# - ADDED ENTRY--PERSONAL NAME
Personal name Rowley, S.
700 1# - ADDED ENTRY--PERSONAL NAME
Personal name Smith, R. S.
700 1# - ADDED ENTRY--PERSONAL NAME
Personal name Watkins, C. A.
710 1# - ADDED ENTRY--CORPORATE NAME
Corporate name or jurisdiction name as entry element United Kingdom
Subordinate unit Department for Communities and Local Government
9 (RLIN) 4939
856 48 - ELECTRONIC LOCATION AND ACCESS
Uniform Resource Identifier <a href="https://tna.europarchive.org/20100304124157/http://www.communities.gov.uk/publications/planningandbuilding/obligationsupdatestudy">https://tna.europarchive.org/20100304124157/http://www.communities.gov.uk/publications/planningandbuilding/obligationsupdatestudy</a>
Public note View the item free of charge at http://tna.europarchive.org
942 ## - ADDED ENTRY ELEMENTS (KOHA)
Suppress in OPAC 0
Holdings
Withdrawn status Lost status Source of classification or shelving scheme Damaged status Not for loan Home library Current library Shelving location Date acquired Total Checkouts Full call number Barcode Date last seen Copy number Price effective from Koha item type
    Dewey Decimal Classification     Virtual Virtual Online 11/08/2008   L144774 144774-1001 06/08/2019 1 06/08/2019 Book